Loading...
Fine Arts - Other Fine Arts | 0 | 3 | 0 | 0 | 30 | 60 | 81.00 | 1 | 2 |
History - American History | 0 | 3 | 0 | 0 | 30 | 60 | 63.00 | 0 | 1 |
Mythology | 0 | 2 | 0 | 0 | 20 | 54 | 68.50 | 0 | 0 |
History - World History | 0 | 2 | 0 | 0 | 20 | 68 | 76.00 | 0 | 0 |
Literature - World Literature | 0 | 2 | 0 | 0 | 20 | 87 | 104.50 | 0 | 0 |
Pop Culture | 0 | 2 | 0 | 0 | 20 | 59 | 61.50 | 0 | 0 |
Science - Other Science | 0 | 2 | 0 | 1 | 20 | 53 | 76.00 | 0 | 1 |
Science - Physics | 0 | 2 | 0 | 0 | 20 | 71 | 79.50 | 0 | 0 |
History - European History | 0 | 2 | 1 | 0 | 15 | 30 | 41.00 | 1 | 1 |
Religion | 0 | 1 | 0 | 0 | 10 | 93 | 93.00 | 0 | 0 |
Literature - European Literature | 0 | 1 | 0 | 0 | 10 | 117 | 117.00 | 0 | 0 |
Science - Chemistry | 0 | 1 | 0 | 0 | 10 | 92 | 92.00 | 0 | 0 |
Philosophy | 0 | 1 | 0 | 0 | 10 | 108 | 108.00 | 0 | 0 |
History - Other History | 0 | 0 | 1 | 0 | -5 | 0.00 | 0 | 0 | |
Social Science | 0 | 0 | 1 | 0 | -5 | 0.00 | 0 | 0 |